Basketball: Alle Teams in ersten drei Ligen Deutschlands - Statistiken

Allgemein
  • Dieses Quiz wurde 80 mal gespielt
    7 seit der letzten Aktualisierung
  • Das Durchschnittsergebnis liegt bei 30 aus 63
Antwortstatistiken
Liga Team % Korrekt
BBL Alba Berlin
100%
BBL Bayern Basketball
100%
BBL EWE Baskets Oldenburg
83%
BBL Gladiators Trier
83%
BBL Rasta Vechta
83%
BBL ratiopharm Ulm
83%
BBL Rostock Seawolves
83%
BBL Science City Jena
83%
BBL Towers Hamburg
83%
BBL Würzburg Baskets
83%
BBL Academics Heidelberg
67%
BBL Bamberg Baskets
67%
Pro A Bayer Giants Leverkusen
67%
BBL Löwen Braunschweig
67%
BBL Niners Chemnitz
67%
Pro A Nürnberg Falcons
67%
BBL Skyliners Frankfurt
67%
BBL Syntainics MBC
67%
BBL Telekom Baskets Bonn
67%
Pro A Artland Dragons Quakenbrück
50%
Pro B Süd Baskets Speyer
50%
Pro A BBC Bayreuth
50%
Pro A BG Göttingen
50%
Pro A Eisbären Bremerhaven
50%
Pro B Nord ETB Miners
50%
Pro A Gießen 46ers
50%
Pro B Nord Iserlohn Kangaroos
50%
Pro A Karlsruhe Lions
50%
Pro B Nord Lok Bernau
50%
BBL MHP Riesen Ludwigsburg
50%
Pro B Süd OrangeAcademy
50%
Pro A Phoenix Hagen
50%
Pro A RheinStars Köln
50%
Pro A Uni Baskets Münster
50%
Pro A VfL Sparkassenstars Bochum
50%
Pro A Baskets Paderborn
33%
Pro B Nord Baskets Schwelm
33%
Pro B Süd BBC Coburg
33%
Pro B Süd CATL Basketball Löwen
33%
Pro B Süd Dresden Titans
33%
Pro B Süd FC Bayern München II -
33%
Pro A Guardians Koblenz
33%
Pro A Kirchheim Knights
33%
Pro B Nord Rasta Vechta 2
33%
Pro B Nord Seawolves Academy
33%
Pro B Süd Skyliners Juniors
33%
Pro A Tigers Tübingen
33%
Pro B Nord TSV Neustadt Temps Shooters
33%
Pro B Süd TV Langen
33%
Pro B Süd Würzburg Baskets Akademie
33%
Pro B Nord Baskets Juniors TSG Westerstede
17%
Pro B Süd BG Hessing Leitershofen
17%
Pro B Nord BSW Sixers
17%
Pro B Nord Dragons Rhöndorf
17%
Pro B Nord Hertener Löwen
17%
Pro B Nord Itzehoe Eagles
17%
Pro A Merlins Crailsheim
17%
Pro B Süd Oberhaching Tropics
17%
Pro B Süd Porsche BBA Ludwigsburg -
17%
Pro A SBB Baskets Wolmirstedt
17%
Pro B Nord SC Rist Wedel
17%
Pro B Süd SV Fellbach Flashers
17%
Pro B Nord TKS 49ers
17%
Keine übereinstimmenden Quizze gefunden
Verteilung der Resultate
Anzahl Personen mit jedem Resultat
Perzentil nach korrekt beantworteten Fragen
Ihre Resultats-Entwicklung
Sie haben dieses Quiz seit der letzten Aktualisierung nicht gespielt